Регионална библиотека "Любен Каравелов" - Русе

Показател, съдържащ списъкът на всичките закони и постановления, приети от 1879 до края на 1886 година и поместени в издадените от Министерството на правосъдието сборници, с обозначение в кой сборник са поместени и на коя страница (Запис номер 406240)

MARC детайли
000 -Лидер
Контролно поле с фиксирана дължина nam a22 a 4500
003 - Код на организацията, давaща контролен номер
Контролно поле BLK
005 - Дата и час на последна редакция
Контролно поле 20210407124638.0
008 - Елементи от данни с фиксирана дължина
fixed length control field 210407b bu |||||r|||| 00| | bu d
040 ## - Източник на каталожния запис
Идентификатор на билиотеката - собственик на записа BLK
041 ## - Код за език
Код за езика на текст/звукозапис или на отделно заглавие Български
Код за езика КДБФ Български
080 ## - УДК
Текстов определител УДК Законодателна власт
УДК код - определител по УДК 342.52
УДК определител (497.2)(094.5)
УДК - код + определител (497.2)(094.5)
110 ## - Редна дума - колетивен орган
9 (RLIN) 243213
Редна дума - наименование на организация или юридическо лице България. Закони и др. п.
139 ## - Редно поле
Редна дума България. Закони и др. п.
245 ## - Сведения за заглавието
Заглавие Показател, съдържащ списъкът на всичките закони и постановления, приети от 1879 до края на 1886 година и поместени в издадените от Министерството на правосъдието сборници, с обозначение в кой сборник са поместени и на коя страница
260 ## - Област на издателските данни
9 (RLIN) 213046
Място на издаване, разпространение и проч. София
Име на издателя, разпространителя и проч. М-во на правосъдието
Година на издаване 1888
Печатница София : Държ. печ.
300 ## - Физическа характеристика
Страници 31 с.
Размери/Мащаб 24 см
380 ## - Жанр
Жанр Обществени науки
490 ## - СЕРИИ (Колекции)
9 (RLIN) 435080
Име на серия Колекция Редки и ценни издания
505 ## - Форматирана забележка
Заглавие Показател, съдържащ списъкът на законите и постановленията приети от V Обикновено нар. събрание в трите му редовни сесии през 1887, 1888 и 1889 год. и поместени в издаденийт от Министерството сборник от закони, том II, част I, II и III с обозначение в коя част са поместени, на коя страница и от колко статии състоят зааконите или постановленията. 1890
505 ## - Форматирана забележка
Заглавие Показател, съдържащ списъците на законите и постановленията приети от VI Обикновено нар. събрание в трите му редовни сесии през 1890, 1891 и 1892 год. и поместени в издаденийт от Министерството сборник от закони, том III, част I, II и III с обозначение в коя част са поместени, на коя страница и от колко статии състоят зааконите или постановленията
653 #7 - Ключова дума – ненормативна
9 (RLIN) 186770
Ключова дума закони
653 #7 - Ключова дума – ненормативна
9 (RLIN) 194237
Ключова дума постановления
852 ## - Местоположение
Форматна сигнатура Рб 888
Фондова буква Редки и ценни
999 ## - СИСТЕМНИ КОНТРОЛНИ НОМЕРА
Koha biblionumber 406240
Koha biblioitemnumber 406240
942 ## - АРТИКУЛИ
Вид на библиотечния материал Книги
Скрит в OPAC Не
Периодичен библиозапис Да
944 ## - СЪЗДАВАНЕ И РЕДАКЦИЯ на ЗАПИСА
Създаване/Редакция Създаване
Дата на регистрацията/редакция 2021-04-07
Служител, извършил регистрацията/редакцията ВЙ
Наличности
Код за отписване Код за изгубен артикул Източник на класификационната схема Код за повреда Коз за рестрикции Код за отдаване Артикулен № Име на библиотеката - собственик Име на библиотеката, в която се намира в момента Статус (Текущо местоположение) Дата на вписване в системата Местоположение - отдел Цена в лева Инвентарен номер Систематично азбучна сигнатура Баркод Цена в евро Служебен тип на артикула
  Не е изгубен Universal Decimal Classification Не е повреден само за читалня Специални фондове ( старопечатни, редки и ценни, фонд М. Арнаудов) 852377 Регионална библиотека "Любен Каравелов" Русе Регионална библиотека "Любен Каравелов" Русе Редки и ценни 2021-09-16 Редки и ценни 0.64 26934 Рб 888 900000039962 0.33 Книги
Vip Innovations Ltd, Rousse, Bulgaria 2025